[Event "Grand Swiss "]
[Date "2025.09.13"]
[White "Muradli, Mahammad"]
[Black "Olisa, Tennyson Ewomazino"]
[WhiteElo "2590"]
[BlackElo "2287"]
[Round "8.8.58"]
[Result "1-0"]

1. c4 {[%clk 01:40:54] [%emt 00:00:05]} Nf6 {[%clk 01:40:42] [%emt 00:00:19]} 2.
Nf3 {[%clk 01:41:16] [%emt 00:00:08]} e6 {[%clk 01:40:57] [%emt 00:00:15]} 3. g3
{[%clk 01:41:35] [%emt 00:00:12]} b6 {[%clk 01:40:32] [%emt 00:00:55]} 4. Bg2
{[%clk 01:41:53] [%emt 00:00:10]} Bb7 {[%clk 01:40:58] [%emt 00:00:05]} 5. O-O
{[%clk 01:41:58] [%emt 00:00:25]} Be7 {[%clk 01:38:44] [%emt 00:02:43]} 6. Nc3
{[%clk 01:39:46] [%emt 00:02:43]} O-O {[%clk 01:37:41] [%emt 00:01:32]} 7. Re1
{[%clk 01:40:12] [%emt 00:00:04]} d5 {[%clk 01:37:35] [%emt 00:00:36]} 8. cxd5
{[%clk 01:40:21] [%emt 00:00:21]} exd5 {[%clk 01:37:30] [%emt 00:00:35]} 9. d4
{[%clk 01:40:42] [%emt 00:00:07]} Nbd7 {[%clk 01:31:03] [%emt 00:06:59]} 10. Bf4
{[%clk 01:40:10] [%emt 00:01:02]} Ne4 {[%clk 01:25:14] [%emt 00:06:19]} 11. Rc1
{[%clk 01:36:38] [%emt 00:04:01]} Nxc3 {[%clk 01:07:16] [%emt 00:18:29]} 12.
bxc3 {[%clk 01:35:36] [%emt 00:01:32]} c5 {[%clk 01:06:13] [%emt 00:01:33]} 13.
h4 {[%clk 01:32:10] [%emt 00:03:55]} Nf6 {[%clk 01:01:54] [%emt 00:04:50]} 14.
Ne5 {[%clk 01:27:16] [%emt 00:05:24]} cxd4 {[%clk 00:55:29] [%emt 00:06:56]} 15.
cxd4 {[%clk 01:24:36] [%emt 00:03:09]} Ba3 {[%clk 00:52:10] [%emt 00:03:49]} 16.
Rc2 {[%clk 01:22:49] [%emt 00:02:17]} Bb4 {[%clk 00:46:21] [%emt 00:06:19]} 17.
Rf1 {[%clk 01:22:01] [%emt 00:01:17]} Bd6 {[%clk 00:40:43] [%emt 00:06:09]} 18.
Bg5 {[%clk 01:14:16] [%emt 00:08:14]} Re8 {[%clk 00:40:23] [%emt 00:00:51]} 19.
Ng4 {[%clk 01:07:39] [%emt 00:07:06]} Be7 {[%clk 00:40:22] [%emt 00:00:32]} 20.
Bxf6 {[%clk 01:08:03] [%emt 00:00:06]} Bxf6 {[%clk 00:40:45] [%emt 00:00:08]}
21. Qd3 {[%clk 01:04:51] [%emt 00:03:42]} Be7 {[%clk 00:28:26] [%emt 00:12:49]}
22. Ne3 {[%clk 01:03:53] [%emt 00:01:27]} Bf6 {[%clk 00:26:41] [%emt 00:02:16]}
23. Rfc1 {[%clk 01:02:53] [%emt 00:01:29]} Re7 {[%clk 00:26:25] [%emt 00:00:46]}
24. Ng4 {[%clk 01:03:13] [%emt 00:00:10]} Qd6 {[%clk 00:24:57] [%emt 00:01:58]}
25. e3 {[%clk 01:01:57] [%emt 00:01:46]} Rd8 {[%clk 00:23:47] [%emt 00:01:40]}
26. Nxf6+ {[%clk 00:58:23] [%emt 00:04:04]} Qxf6 {[%clk 00:24:11] [%emt
00:00:06]} 27. Qa3 {[%clk 00:58:46] [%emt 00:00:07]} a5 {[%clk 00:24:19] [%emt
00:00:23]} 28. Qb3 {[%clk 00:57:06] [%emt 00:02:10]} g6 {[%clk 00:22:02] [%emt
00:02:46]} 29. Rc7 {[%clk 00:54:39] [%emt 00:02:56]} Rxc7 {[%clk 00:19:26] [%emt
00:03:08]} 30. Rxc7 {[%clk 00:55:05] [%emt 00:00:03]} Ba8 {[%clk 00:19:52] [%emt
00:00:05]} 31. Qc3 {[%clk 00:52:56] [%emt 00:02:39]} Kg7 {[%clk 00:15:54] [%emt
00:04:27]} 32. Bf1 {[%clk 00:52:10] [%emt 00:01:15]} h5 {[%clk 00:15:39] [%emt
00:00:45]} 33. Bb5 {[%clk 00:51:19] [%emt 00:01:20]} g5 {[%clk 00:11:06] [%emt
00:05:04]} 34. hxg5 {[%clk 00:49:58] [%emt 00:01:51]} Qxg5 {[%clk 00:11:34]
[%emt 00:00:02]} 35. Ra7 {[%clk 00:48:55] [%emt 00:01:32]} Qf5 {[%clk 00:07:42]
[%emt 00:04:24]} 36. Qc7 {[%clk 00:47:02] [%emt 00:02:22]} Rc8 {[%clk 00:07:01]
[%emt 00:01:11]} 37. Qf4 {[%clk 00:40:15] [%emt 00:07:16]} Qxf4 {[%clk 00:02:48]
[%emt 00:04:44]} 38. gxf4 {[%clk 00:39:18] [%emt 00:01:26]} Bc6 {[%clk 00:03:09]
[%emt 00:00:10]} 39. Ba6 {[%clk 00:34:18] [%emt 00:05:30]} Rd8 {[%clk 00:01:13]
[%emt 00:02:26]} 40. Be2 {[%clk 00:33:51] [%emt 00:00:56]} h4 {[%clk 00:00:56]
[%emt 00:00:47]} 41. Kh2 {[%clk 00:31:35] [%emt 00:02:45]} Rd6 {[%clk 00:39:40]
[%emt 00:11:47]} 42. Bg4 {[%clk 01:17:29] [%emt 00:04:35]} Bb5 {[%clk 00:34:44]
[%emt 00:05:28]} 43. a3 {[%clk 01:16:26] [%emt 00:01:32]} Kg6 {[%clk 00:23:31]
[%emt 00:11:43]} 44. Kh3 {[%clk 01:12:22] [%emt 00:04:34]} Bd3 {[%clk 00:19:09]
[%emt 00:04:52]} 45. Kxh4 {[%clk 01:12:09] [%emt 00:00:42]} f5 {[%clk 00:17:08]
[%emt 00:02:32]} 46. Bh5+ {[%clk 01:11:31] [%emt 00:01:07]} Kh6 {[%clk 00:17:35]
[%emt 00:00:03]} 47. Bf7 {[%clk 01:07:49] [%emt 00:04:12]} Be2 {[%clk 00:08:43]
[%emt 00:09:23]} 48. Kg3 {[%clk 01:04:50] [%emt 00:03:28]} Bd1 {[%clk 00:09:07]
[%emt 00:00:07]} 49. f3 {[%clk 01:03:39] [%emt 00:01:41]} Bb3 {[%clk 00:09:10]
[%emt 00:00:27]} 50. e4 {[%clk 01:00:56] [%emt 00:03:13]} fxe4 {[%clk 00:09:14]
[%emt 00:00:25]} 51. fxe4 {[%clk 01:01:24] [%emt 00:00:03]} Rc6 {[%clk 00:08:42]
[%emt 00:01:02]} 52. e5 {[%clk 01:00:58] [%emt 00:00:55]} Rc3+ {[%clk 00:08:25]
[%emt 00:00:47]} 53. Kg4 {[%clk 00:59:45] [%emt 00:01:43]} Bd1+ {[%clk 00:07:26]
[%emt 00:01:30]} 54. Kf5 {[%clk 01:00:08] [%emt 00:00:07]} Rxa3 {[%clk 00:07:36]
[%emt 00:00:20]} 55. Bxd5 {[%clk 01:00:10] [%emt 00:00:28]} b5 {[%clk 00:07:22]
[%emt 00:00:44]} 56. Kf6 {[%clk 00:59:42] [%emt 00:00:57]} Bc2 {[%clk 00:06:52]
[%emt 00:01:00]} 57. Ra8 {[%clk 00:59:49] [%emt 00:00:23]} Kh5 {[%clk 00:06:59]
[%emt 00:00:23]} 58. Be6 {[%clk 01:00:09] [%emt 00:00:10]} 1-0

[Site "Europe Echecs"]

[Event "Grand Swiss "]
[Date "2025.09.14"]
[White "Nihal Sarin"]
[Black "Firouzja, Alireza"]
[WhiteElo "2693"]
[BlackElo "2754"]
[Round "9.9.1"]
[Result "0-1"]

1. e4 {[%clk 01:39:36] [%emt 00:01:23]} c5 {[%clk 01:39:44] [%emt 00:01:16]} 2.
c3 {[%clk 01:39:59] [%emt 00:00:08]} Nf6 {[%clk 01:27:56] [%emt 00:12:19]} 3. e5
{[%clk 01:40:21] [%emt 00:00:07]} Nd5 {[%clk 01:28:23] [%emt 00:00:03]} 4. Nf3
{[%clk 01:40:37] [%emt 00:00:14]} Nc6 {[%clk 01:24:57] [%emt 00:03:56]} 5. Bc4
{[%clk 01:39:47] [%emt 00:01:20]} Nb6 {[%clk 01:25:05] [%emt 00:00:22]} 6. Bb3
{[%clk 01:40:11] [%emt 00:00:06]} d5 {[%clk 01:12:18] [%emt 00:13:17]} 7. exd6
{[%clk 01:40:33] [%emt 00:00:09]} c4 {[%clk 01:12:45] [%emt 00:00:03]} 8. Bc2
{[%clk 01:40:48] [%emt 00:00:14]} Qxd6 {[%clk 01:13:10] [%emt 00:00:06]} 9. O-O
{[%clk 01:41:05] [%emt 00:00:13]} g6 {[%clk 01:13:36] [%emt 00:00:04]} 10. Na3
{[%clk 01:31:43] [%emt 00:09:51]} Bg7 {[%clk 01:12:40] [%emt 00:01:26]} 11. b3
{[%clk 01:29:49] [%emt 00:02:24]} cxb3 {[%clk 01:13:00] [%emt 00:00:10]} 12.
axb3 {[%clk 01:30:14] [%emt 00:00:05]} Nd5 {[%clk 01:02:15] [%emt 00:11:16]} 13.
Be4 {[%clk 01:12:53] [%emt 00:17:51]} Qd8 {[%clk 00:59:18] [%emt 00:03:27]} 14.
Nc4 {[%clk 01:11:42] [%emt 00:01:41]} Rb8 {[%clk 00:58:55] [%emt 00:00:53]} 15.
Ng5 {[%clk 00:37:20] [%emt 00:34:53]} e6 {[%clk 00:32:35] [%emt 00:26:49]} 16.
Ba3 {[%clk 00:37:08] [%emt 00:00:43]} Qxg5 {[%clk 00:31:15] [%emt 00:01:50]} 17.
f4 {[%clk 00:34:49] [%emt 00:02:49]} Qf6 {[%clk 00:24:09] [%emt 00:07:35]} 18.
Qe2 {[%clk 00:33:43] [%emt 00:01:37]} Nde7 {[%clk 00:12:07] [%emt 00:12:32]} 19.
g4 {[%clk 00:20:37] [%emt 00:13:36]} Qh4 {[%clk 00:09:37] [%emt 00:03:00]} 20.
Nd6+ {[%clk 00:20:37] [%emt 00:00:30]} Kf8 {[%clk 00:09:39] [%emt 00:00:28]} 21.
Bc5 {[%clk 00:08:59] [%emt 00:12:08]} h5 {[%clk 00:08:17] [%emt 00:01:53]} 22.
Bxc6 {[%clk 00:09:23] [%emt 00:00:06]} b6 {[%clk 00:03:18] [%emt 00:05:29]} 23.
Nxc8 {[%clk 00:01:25] [%emt 00:08:28]} Rxc8 {[%clk 00:03:34] [%emt 00:00:14]}
24. Bf2 {[%clk 00:01:49] [%emt 00:00:06]} Qxg4+ {[%clk 00:03:24] [%emt
00:00:40]} 25. Qxg4 {[%clk 00:02:18] [%emt 00:00:01]} hxg4 {[%clk 00:03:48]
[%emt 00:00:06]} 26. Bb7 {[%clk 00:02:43] [%emt 00:00:05]} Rd8 {[%clk 00:03:13]
[%emt 00:01:05]} 27. Rxa7 {[%clk 00:03:02] [%emt 00:00:10]} Bf6 {[%clk 00:03:37]
[%emt 00:00:06]} 28. Ra2 {[%clk 00:01:58] [%emt 00:01:34]} Kg7 {[%clk 00:02:12]
[%emt 00:01:55]} 29. Ba6 {[%clk 00:00:37] [%emt 00:01:51]} Nd5 {[%clk 00:01:00]
[%emt 00:01:42]} 30. Be2 {[%clk 00:00:51] [%emt 00:00:15]} b5 {[%clk 00:00:36]
[%emt 00:00:55]} 31. Bxg4 {[%clk 00:00:33] [%emt 00:00:48]} b4 {[%clk 00:00:51]
[%emt 00:00:15]} 32. Ra7 {[%clk 00:00:35] [%emt 00:00:28]} bxc3 {[%clk 00:00:36]
[%emt 00:00:45]} 33. dxc3 {[%clk 00:01:00] [%emt 00:00:04]} Rhe8 {[%clk
00:00:32] [%emt 00:00:34]} 34. c4 {[%clk 00:00:49] [%emt 00:00:42]} Nxf4 {[%clk
00:01:00] [%emt 00:00:02]} 35. c5 {[%clk 00:00:56] [%emt 00:00:23]} Nd3 {[%clk
00:00:32] [%emt 00:00:58]} 36. Be3 {[%clk 00:01:00] [%emt 00:00:26]} Rd5 {[%clk
00:00:45] [%emt 00:00:17]} 37. Bf3 {[%clk 00:00:33] [%emt 00:00:56]} Re5 {[%clk
00:00:59] [%emt 00:00:16]} 38. Bd2 {[%clk 00:00:32] [%emt 00:00:31]} Rxc5 {[%clk
00:01:04] [%emt 00:00:25]} 39. Kh1 {[%clk 00:00:34] [%emt 00:00:28]} Rc2 {[%clk
00:01:10] [%emt 00:00:24]} 40. Be3 {[%clk 00:00:37] [%emt 00:00:27]} Rh8 {[%clk
00:00:37] [%emt 00:01:02]} 41. Bg1 {[%clk 00:47:17] [%emt 00:03:50]} Rh4 {[%clk
00:38:07] [%emt 00:13:01]} 42. Ra4 {[%clk 00:46:25] [%emt 00:01:22]} Rxa4 {[%clk
00:31:13] [%emt 00:07:24]} 43. bxa4 {[%clk 00:46:48] [%emt 00:00:07]} Ra2 {[%clk
00:31:36] [%emt 00:00:06]} 44. Bc6 {[%clk 00:46:46] [%emt 00:00:32]} Be5 {[%clk
00:31:00] [%emt 00:01:06]} 45. Rf3 {[%clk 00:38:43] [%emt 00:08:34]} Nf4 {[%clk
00:28:27] [%emt 00:03:02]} 46. Bb5 {[%clk 00:35:53] [%emt 00:03:20]} f5 {[%clk
00:26:40] [%emt 00:02:17]} 47. Bc5 {[%clk 00:32:18] [%emt 00:04:05]} Rc2 {[%clk
00:23:24] [%emt 00:03:46]} 48. Bg1 {[%clk 00:32:14] [%emt 00:00:33]} Nd5 {[%clk
00:17:19] [%emt 00:06:36]} 49. Rf2 {[%clk 00:25:51] [%emt 00:06:53]} Rc3 {[%clk
00:16:46] [%emt 00:01:03]} 50. Rf1 {[%clk 00:22:16] [%emt 00:04:05]} Kf6 {[%clk
00:16:20] [%emt 00:00:56]} 51. Re1 {[%clk 00:18:22] [%emt 00:04:24]} Ra3 {[%clk
00:14:50] [%emt 00:02:00]} 52. Bd7 {[%clk 00:10:14] [%emt 00:08:38]} Ra2 {[%clk
00:06:54] [%emt 00:08:26]} 53. h4 {[%clk 00:08:17] [%emt 00:02:27]} Nc3 {[%clk
00:03:23] [%emt 00:04:01]} 54. Bb6 {[%clk 00:08:42] [%emt 00:00:04]} Ne4 {[%clk
00:03:43] [%emt 00:00:11]} 55. Bc6 {[%clk 00:08:39] [%emt 00:00:32]} Bg3 {[%clk
00:03:30] [%emt 00:00:43]} 56. Rb1 {[%clk 00:06:40] [%emt 00:02:30]} Bf2 {[%clk
00:01:29] [%emt 00:02:31]} 57. Bd8+ {[%clk 00:03:03] [%emt 00:04:07]} Ke5 {[%clk
00:01:53] [%emt 00:00:05]} 58. Bc7+ {[%clk 00:02:40] [%emt 00:00:53]} Kf6 {[%clk
00:02:16] [%emt 00:00:07]} 59. Bd8+ {[%clk 00:03:06] [%emt 00:00:04]} Kg7 {[%clk
00:01:38] [%emt 00:01:08]} 60. Bg5 {[%clk 00:00:32] [%emt 00:03:04]} Nxg5 {[%clk
00:00:55] [%emt 00:01:14]} 61. hxg5 {[%clk 00:00:52] [%emt 00:00:09]} Bh4 {[%clk
00:07:40] [%emt 00:08:44]} 62. Rb7+ {[%clk 00:14:44] [%emt 00:01:40]} Kf8 {[%clk
00:08:05] [%emt 00:00:05]} 63. Bd7 {[%clk 00:14:15] [%emt 00:00:58]} Ke7 {[%clk
00:04:05] [%emt 00:04:30]} 64. Bb5+ {[%clk 00:03:00] [%emt 00:11:45]} Kd6 {[%clk
00:04:28] [%emt 00:00:07]} 65. Rg7 {[%clk 00:01:47] [%emt 00:01:43]} Bxg5 {[%clk
00:02:11] [%emt 00:02:46]} 66. Rxg6 {[%clk 00:02:15] [%emt 00:00:02]} Ra1+
{[%clk 00:02:35] [%emt 00:00:06]} 67. Kg2 {[%clk 00:02:41] [%emt 00:00:05]} Be3
{[%clk 00:01:39] [%emt 00:01:25]} 68. Kf3 {[%clk 00:02:28] [%emt 00:00:42]} Bb6
{[%clk 00:01:57] [%emt 00:00:13]} 69. Ke2 {[%clk 00:00:45] [%emt 00:02:14]} Ra2+
{[%clk 00:01:20] [%emt 00:01:07]} 70. Kd3 {[%clk 00:00:51] [%emt 00:00:24]} Ra3+
{[%clk 00:01:38] [%emt 00:00:13]} 71. Kd2 {[%clk 00:00:45] [%emt 00:00:35]} f4
{[%clk 00:00:46] [%emt 00:01:22]} 72. Bc4 {[%clk 00:00:41] [%emt 00:00:34]} Re3
{[%clk 00:01:10] [%emt 00:00:06]} 73. Rf6 {[%clk 00:00:33] [%emt 00:00:38]} Ba5+
{[%clk 00:01:27] [%emt 00:00:13]} 74. Kd1 {[%clk 00:00:45] [%emt 00:00:19]} f3
{[%clk 00:01:43] [%emt 00:00:14]} 75. Rf7 {[%clk 00:00:32] [%emt 00:00:42]} e5
{[%clk 00:01:41] [%emt 00:00:32]} 76. Ba6 {[%clk 00:00:36] [%emt 00:00:26]} e4
{[%clk 00:00:43] [%emt 00:01:28]} 77. Bb7 {[%clk 00:00:34] [%emt 00:00:32]} Ke5
{[%clk 00:00:54] [%emt 00:00:19]} 78. Re7+ {[%clk 00:00:41] [%emt 00:00:23]} Kd4
{[%clk 00:00:38] [%emt 00:00:45]} 79. Rd7+ {[%clk 00:00:33] [%emt 00:00:40]} Kc3
{[%clk 00:01:01] [%emt 00:00:06]} 80. Ba6 {[%clk 00:00:45] [%emt 00:00:18]} Kb3
{[%clk 00:01:02] [%emt 00:00:28]} 81. Kc1 {[%clk 00:01:11] [%emt 00:00:05]} Re1+
{[%clk 00:01:19] [%emt 00:00:14]} 82. Rd1 {[%clk 00:01:35] [%emt 00:00:06]} f2
{[%clk 00:01:43] [%emt 00:00:05]} 0-1

[Site "Europe Echecs"]

[Event "Grand Swiss "]
[Date "2025.09.14"]
[White "Abdusattorov, Nodirbek"]
[Black "Bluebaum, Matthias"]
[WhiteElo "2748"]
[BlackElo "2671"]
[Round "9.9.2"]
[Result "1/2-1/2"]

1. e4 {[%clk 01:40:43] [%emt 00:00:16]} e5 {[%clk 01:40:52] [%emt 00:00:09]} 2.
Nf3 {[%clk 01:40:51] [%emt 00:00:21]} Nf6 {[%clk 01:41:17] [%emt 00:00:05]} 3.
d3 {[%clk 01:40:50] [%emt 00:00:32]} Nc6 {[%clk 01:40:15] [%emt 00:01:32]} 4. g3
{[%clk 01:41:13] [%emt 00:00:08]} d5 {[%clk 01:38:52] [%emt 00:01:52]} 5. exd5
{[%clk 01:41:33] [%emt 00:00:10]} Nxd5 {[%clk 01:39:15] [%emt 00:00:06]} 6. Bg2
{[%clk 01:41:54] [%emt 00:00:09]} Bc5 {[%clk 01:35:31] [%emt 00:04:15]} 7. O-O
{[%clk 01:41:45] [%emt 00:00:38]} O-O {[%clk 01:35:45] [%emt 00:00:16]} 8. a3
{[%clk 01:41:48] [%emt 00:00:27]} a5 {[%clk 01:33:12] [%emt 00:03:04]} 9. Nc3
{[%clk 01:41:21] [%emt 00:00:56]} Nxc3 {[%clk 01:27:17] [%emt 00:06:25]} 10.
bxc3 {[%clk 01:41:45] [%emt 00:00:06]} h6 {[%clk 01:27:03] [%emt 00:00:44]} 11.
a4 {[%clk 01:38:08] [%emt 00:04:07]} Qf6 {[%clk 01:17:23] [%emt 00:10:10]} 12.
Nd2 {[%clk 01:32:56] [%emt 00:05:41]} Qg6 {[%clk 01:13:26] [%emt 00:04:28]} 13.
Ba3 {[%clk 01:22:35] [%emt 00:10:52]} Bxa3 {[%clk 01:10:24] [%emt 00:03:33]} 14.
Rxa3 {[%clk 01:23:03] [%emt 00:00:01]} b6 {[%clk 01:04:58] [%emt 00:05:55]} 15.
Nc4 {[%clk 01:15:30] [%emt 00:08:02]} Bd7 {[%clk 00:58:44] [%emt 00:06:45]} 16.
Ra1 {[%clk 01:14:35] [%emt 00:01:25]} Rae8 {[%clk 00:56:31] [%emt 00:02:43]} 17.
Re1 {[%clk 01:09:47] [%emt 00:05:18]} f6 {[%clk 00:52:27] [%emt 00:04:35]} 18.
Qd2 {[%clk 01:09:18] [%emt 00:00:58]} Qg5 {[%clk 00:46:55] [%emt 00:06:02]} 19.
Ne3 {[%clk 01:08:24] [%emt 00:01:24]} Ne7 {[%clk 00:44:36] [%emt 00:02:49]} 20.
d4 {[%clk 01:08:09] [%emt 00:00:45]} Be6 {[%clk 00:35:12] [%emt 00:09:55]} 21.
d5 {[%clk 01:05:25] [%emt 00:03:14]} Bf7 {[%clk 00:33:10] [%emt 00:02:32]} 22.
c4 {[%clk 01:05:21] [%emt 00:00:34]} f5 {[%clk 00:31:58] [%emt 00:01:42]} 23.
Qc3 {[%clk 00:38:41] [%emt 00:27:09]} f4 {[%clk 00:31:00] [%emt 00:01:28]} 24.
Nf1 {[%clk 00:38:37] [%emt 00:00:33]} Nf5 {[%clk 00:29:19] [%emt 00:02:12]} 25.
Nd2 {[%clk 00:32:41] [%emt 00:06:27]} Nd4 {[%clk 00:28:22] [%emt 00:01:27]} 26.
Nf3 {[%clk 00:31:03] [%emt 00:02:07]} Nxf3+ {[%clk 00:27:16] [%emt 00:01:36]}
27. Bxf3 {[%clk 00:31:28] [%emt 00:00:05]} Bg6 {[%clk 00:26:24] [%emt 00:01:22]}
28. Be4 {[%clk 00:31:08] [%emt 00:00:50]} Bxe4 {[%clk 00:22:17] [%emt 00:04:38]}
29. Rxe4 {[%clk 00:31:08] [%emt 00:00:30]} Qf5 {[%clk 00:22:34] [%emt 00:00:14]}
30. Qe1 {[%clk 00:28:14] [%emt 00:03:23]} Rf6 {[%clk 00:16:26] [%emt 00:06:38]}
31. Qe2 {[%clk 00:26:56] [%emt 00:01:48]} fxg3 {[%clk 00:15:57] [%emt 00:01:00]}
32. hxg3 {[%clk 00:23:21] [%emt 00:04:05]} Ref8 {[%clk 00:16:03] [%emt
00:00:24]} 33. Rf1 {[%clk 00:23:22] [%emt 00:00:28]} Qd7 {[%clk 00:15:16] [%emt
00:01:17]} 34. Rxe5 {[%clk 00:20:22] [%emt 00:03:30]} Qxa4 {[%clk 00:15:40]
[%emt 00:00:06]} 35. Re7 {[%clk 00:20:48] [%emt 00:00:04]} R6f7 {[%clk 00:14:28]
[%emt 00:01:42]} 36. c5 {[%clk 00:18:52] [%emt 00:02:25]} bxc5 {[%clk 00:11:17]
[%emt 00:03:41]} 37. Qe6 {[%clk 00:19:13] [%emt 00:00:09]} Qxc2 {[%clk 00:10:54]
[%emt 00:00:53]} 38. Rxc7 {[%clk 00:19:39] [%emt 00:00:05]} Qf5 {[%clk 00:10:26]
[%emt 00:00:57]} 39. Rxc5 {[%clk 00:19:33] [%emt 00:00:37]} Qxe6 {[%clk
00:09:54] [%emt 00:01:02]} 1/2-1/2

[Site "Europe Echecs"]

[Event "Grand Swiss "]
[Date "2025.09.14"]
[White "Giri, Anish"]
[Black "Van Foreest, Jorden"]
[WhiteElo "2746"]
[BlackElo "2692"]
[Round "9.9.4"]
[Result "1-0"]

1. Nf3 {[%clk 01:40:58] [%emt 00:00:01]} d5 {[%clk 01:40:23] [%emt 00:00:37]} 2.
d4 {[%clk 01:40:32] [%emt 00:00:56]} Nf6 {[%clk 01:40:42] [%emt 00:00:11]} 3. c4
{[%clk 01:40:58] [%emt 00:00:05]} e6 {[%clk 01:41:04] [%emt 00:00:07]} 4. g3
{[%clk 01:41:25] [%emt 00:00:03]} Be7 {[%clk 01:41:15] [%emt 00:00:19]} 5. Bg2
{[%clk 01:41:51] [%emt 00:00:04]} O-O {[%clk 01:41:33] [%emt 00:00:12]} 6. Nc3
{[%clk 01:42:19] [%emt 00:00:02]} dxc4 {[%clk 01:38:24] [%emt 00:03:39]} 7. Ne5
{[%clk 01:42:32] [%emt 00:00:17]} c5 {[%clk 01:37:34] [%emt 00:01:21]} 8. dxc5
{[%clk 01:42:42] [%emt 00:00:20]} Qxd1+ {[%clk 01:37:46] [%emt 00:00:18]} 9.
Nxd1 {[%clk 01:43:05] [%emt 00:00:06]} Bxc5 {[%clk 01:37:54] [%emt 00:00:23]}
10. O-O {[%clk 01:33:04] [%emt 00:10:31]} Nd5 {[%clk 01:34:09] [%emt 00:04:14]}
11. Nxc4 {[%clk 01:29:30] [%emt 00:04:05]} Nc6 {[%clk 01:32:01] [%emt 00:02:38]}
12. Nc3 {[%clk 01:28:41] [%emt 00:01:19]} Rd8 {[%clk 01:28:19] [%emt 00:04:12]}
13. Re1 {[%clk 01:26:50] [%emt 00:02:21]} b6 {[%clk 01:15:41] [%emt 00:13:08]}
14. Ne3 {[%clk 01:21:47] [%emt 00:05:33]} Bxe3 {[%clk 01:13:04] [%emt 00:03:08]}
15. Bxe3 {[%clk 01:20:55] [%emt 00:01:22]} Nce7 {[%clk 01:13:29] [%emt
00:00:05]} 16. Nxd5 {[%clk 01:00:27] [%emt 00:20:58]} Nxd5 {[%clk 01:12:45]
[%emt 00:01:13]} 17. Bd2 {[%clk 01:00:53] [%emt 00:00:05]} Bb7 {[%clk 01:11:18]
[%emt 00:01:57]} 18. e4 {[%clk 00:49:45] [%emt 00:11:38]} Nf6 {[%clk 01:06:59]
[%emt 00:04:49]} 19. Bf4 {[%clk 00:37:13] [%emt 00:13:02]} Nd7 {[%clk 00:47:26]
[%emt 00:20:04]} 20. b4 {[%clk 00:37:30] [%emt 00:00:13]} Nf8 {[%clk 00:36:20]
[%emt 00:11:36]} 21. Be3 {[%clk 00:35:57] [%emt 00:02:03]} Rac8 {[%clk 00:31:24]
[%emt 00:05:25]} 22. Rec1 {[%clk 00:30:07] [%emt 00:06:20]} e5 {[%clk 00:28:24]
[%emt 00:03:30]} 23. Rxc8 {[%clk 00:28:49] [%emt 00:01:48]} Rxc8 {[%clk
00:28:13] [%emt 00:00:41]} 24. Rc1 {[%clk 00:28:54] [%emt 00:00:26]} Rxc1+
{[%clk 00:28:03] [%emt 00:00:40]} 25. Bxc1 {[%clk 00:29:22] [%emt 00:00:02]} Bc6
{[%clk 00:25:19] [%emt 00:03:13]} 26. f3 {[%clk 00:27:20] [%emt 00:02:32]} Bb5
{[%clk 00:25:31] [%emt 00:00:19]} 27. Kf2 {[%clk 00:27:27] [%emt 00:00:23]} f6
{[%clk 00:24:13] [%emt 00:01:48]} 28. f4 {[%clk 00:24:17] [%emt 00:03:40]} Ne6
{[%clk 00:15:20] [%emt 00:09:24]} 29. fxe5 {[%clk 00:19:06] [%emt 00:05:42]}
fxe5 {[%clk 00:15:44] [%emt 00:00:05]} 30. Bb2 {[%clk 00:19:34] [%emt 00:00:02]}
Nd4 {[%clk 00:13:41] [%emt 00:02:33]} 31. Bf1 {[%clk 00:15:07] [%emt 00:04:57]}
Bxf1 {[%clk 00:03:54] [%emt 00:10:17]} 32. Kxf1 {[%clk 00:15:36] [%emt
00:00:01]} Nc2 {[%clk 00:00:48] [%emt 00:03:35]} 33. b5 {[%clk 00:15:20] [%emt
00:00:46]} Ne3+ {[%clk 00:01:06] [%emt 00:00:12]} 34. Ke2 {[%clk 00:15:35] [%emt
00:00:15]} Nc4 {[%clk 00:01:33] [%emt 00:00:03]} 35. Bc3 {[%clk 00:15:30] [%emt
00:00:35]} Na3 {[%clk 00:00:46] [%emt 00:01:18]} 36. Bxe5 {[%clk 00:15:02] [%emt
00:00:58]} Nxb5 {[%clk 00:01:15] [%emt 00:00:02]} 37. Kd3 {[%clk 00:13:23] [%emt
00:02:09]} a6 {[%clk 00:01:40] [%emt 00:00:05]} 38. Bd4 {[%clk 00:10:02] [%emt
00:03:50]} Kf7 {[%clk 00:02:05] [%emt 00:00:05]} 39. Bxb6 {[%clk 00:10:28] [%emt
00:00:04]} Ke6 {[%clk 00:02:30] [%emt 00:00:05]} 40. a4 {[%clk 00:04:28] [%emt
00:06:30]} Nd6 {[%clk 00:02:55] [%emt 00:00:04]} 41. Kd4 {[%clk 00:38:06] [%emt
00:16:52]} Nf7 {[%clk 00:44:14] [%emt 00:09:10]} 42. Bc7 {[%clk 00:37:16] [%emt
00:01:21]} h5 {[%clk 00:37:25] [%emt 00:07:19]} 43. h4 {[%clk 00:36:28] [%emt
00:01:17]} Kd7 {[%clk 00:35:36] [%emt 00:02:19]} 44. Be5 {[%clk 00:35:05] [%emt
00:01:53]} g5 {[%clk 00:35:43] [%emt 00:00:24]} 45. Kd5 {[%clk 00:35:29] [%emt
00:00:07]} gxh4 {[%clk 00:35:45] [%emt 00:00:27]} 46. gxh4 {[%clk 00:35:56]
[%emt 00:00:03]} Nd8 {[%clk 00:29:14] [%emt 00:07:01]} 47. Kc5 {[%clk 00:35:11]
[%emt 00:01:14]} Nc6 {[%clk 00:26:35] [%emt 00:03:09]} 48. Bf4 {[%clk 00:34:49]
[%emt 00:00:52]} Na5 {[%clk 00:26:27] [%emt 00:00:39]} 49. Kb6 {[%clk 00:30:15]
[%emt 00:05:04]} Nc4+ {[%clk 00:25:47] [%emt 00:01:10]} 50. Kxa6 {[%clk
00:29:22] [%emt 00:01:24]} Kc6 {[%clk 00:26:12] [%emt 00:00:05]} 51. e5 {[%clk
00:29:29] [%emt 00:00:23]} Nb6 {[%clk 00:24:02] [%emt 00:02:40]} 52. Ka5 {[%clk
00:29:44] [%emt 00:00:15]} Nd5 {[%clk 00:22:06] [%emt 00:02:26]} 53. Bg5 {[%clk
00:29:18] [%emt 00:00:55]} 1-0

[Site "Europe Echecs"]